000 00830nam a2200229Ia 4500
001 10586
003 GE_BSU
008 181216s||||||||xx |||||||||||||| ||und||
020 _a1560798742
040 _cGE_BSU
080 _a004.7
245 _aComputer science & electrical engineering programs
245 2 _bA complete resource of graduate educational and career opportunities.
245 _cExecutive Editor:Robert Crepeau;Senior editor:Art Stickney.
260 _aNew Jersey:Peterson's.
260 _c1998.
300 _a780p;28cm.
653 _aComputer science & electrical engineering programs:A complete resource of graduate educational and career opportunities.
653 _aინფორმატიკა
653 _aსაინფორმაციო ტექნოლოგიები
942 _cBK
999 _c43838
_d43838